000 01283nam0a22003131 4500
001 rc\3412167
005 20130115140452.7
021 _aRU
_bРг7827-71
021 _aRU
_b71-20290
035 _a(NLR Aleph) 007552511
090 _a5216800
_c5216800
100 _a20130115d1971 |||y0rusy50 ca
101 0 _arus
102 _aRU
105 _aa j |||||
200 1 _aРадиотехническое оборудование летательных аппаратов
_e[Учебник для подготовки офицеров запаса по профилям ВВС]
_fПод общ. ред. канд. техн. наук Б.А. Михайлова
210 _aМосква
_cВоениздат
_d1971
215 _a464 с., 1 л. схем.
_cил.
_d22
300 _aПеред загл. авт.: Г.А. Бузыкин, В.И. Вертоградов, М.В. Подашевский [и др.]
320 _aБиблиогр.: с. 460-461
701 1 _aБузыкин
_bГ. А.
_gГеоргий Андреевич
701 1 _aВертоградов
_bВ. И.
701 1 _aПодашевский
_bМ. В.
702 1 _aМихайлов
_bБ. А.
_4340
801 0 _aRU
_bNLR
_gpsbo
801 1 _aRU
_bELAR
_2rusmarc
852 _aNLR
_j71-5/3479
942 _cBOOK
980 _aNB